Year book 85: The presidents report 1985-1986

Bewaard in:
Bibliografische gegevens
Hoofdauteur: Carnegie Institution of Washington
Formaat: Boek
Taal:Undetermined
Gepubliceerd in: Washington Carnegie Institution of Washington 1985
Onderwerpen:
Tags: Voeg label toe
Geen labels, Wees de eerste die dit record labelt!
Thư viện lưu trữ: Trung tâm Học liệu Trường Đại học Cần Thơ
LEADER 00542nam a2200181Ia 4500
001 CTU_1486
008 210402s9999 xx 000 0 und d
082 |a 500.5 
082 |b C289 
100 |a Carnegie Institution of Washington 
245 0 |a Year book 85: The presidents report 1985-1986 
245 0 |c Carnegie Institution of Washington 
260 |a Washington 
260 |b Carnegie Institution of Washington 
260 |c 1985 
650 |a science 
904 |i Minh, 960816 
980 |a Trung tâm Học liệu Trường Đại học Cần Thơ